| 000 | 00594nam a2200217Ii 4500 | ||
|---|---|---|---|
| 003 | JO-AjNU | ||
| 008 | 230606s9999||||xx |||||||||||||| ||und|| | ||
| 020 | _a0-321-21026-3 | ||
| 040 |
_aJO-AjNU _beng _erda _cJO-AjNU |
||
| 041 | _aeng | ||
| 050 | 1 | 4 | _aQA76.758.S657.2004 |
| 100 | 3 |
_aSOMMERVILLE,LAN, _eauthor _93562 |
|
| 245 | 0 | 0 | _a Software engineering |
| 250 | _a7 ed | ||
| 264 | 3 | 1 | _aPEARSON:NEWYORK,2004 |
| 300 | _a754p | ||
| 336 |
_atext _btxt _2rdacontent |
||
| 337 |
_aunmediated _bn _2rdamedia |
||
| 338 |
_avolume _bnc _2rdacarrier |
||
| 650 | 4 |
_aا Software engineering _93563 |
|
| 999 |
_aE1859 _c1859 _d1859 |
||